000 00611nam a2200241Ia 4500
003 OSt
005 20221005123302.0
006 a|||||r|||| 00| 0
007 ta
008 221004b |||||||| |||| 00| 0 guj d
024 _a40891
037 _cTextual
040 _aCRL
_cCRL
_bguj
041 _2guj
_aguj
082 _aO156,1:g, K5
100 _aBhatt Chander Shankar Au.
_9633468
245 0 _aKuwar bhanu mamru
260 _c1965
300 _a40p.
_ccm.
650 _aGUJRATI LITERATURE
942 _hO156,1:g, K5
_cTEXL
_2cc
999 _c1046931
_d1046931